Riconosci lo Stato - Quiz n°87 - Statistics

Statistiche generali
  • Questo quiz è stato fatto 49 volte
  • Il punteggio medio è 13 su 13
Statistiche sulle risposte
Indizio Risposta % Corretto
Indipendenza 25 giugno 1991 dalla Jugoslavia
100%
Popolazione 3 871 833 ab.
100%
Superficie 56 594 km²
100%
Iniziale della Capitale Z
100%
Tasso di crescita -0,50%
98%
ISU 0,858
98%
PIL (nominale) 73 490 milioni di $
98%
Primo ministro Andrej Plenković
98%
Risposta Croazia
98%
Valuta Euro
98%
Forma di Governo Repubblica parlamentare
98%
Fuso Orario UTC+1
98%
Presidente della Repubblica Zoran Milanović
98%
Nessun quiz corrispondente trovato
Distribuzione punteggi
Percentuale di utenti per punteggio
Percentile per numero di risposta
I tuoi punteggi nel tempo
Non hai fatto questo quiz